000 00952cam a22003014a 4500
001 1560
005 20231124144315.0
020 _a0531120716
020 _a9780531120712
040 _aDLC
_cDLC
_dIG#
_dBAKER
_dBTCTA
_dDLC
_beng
050 _aRC115.D53
082 0 0 _222
_a616.9
100 1 _aDiConsiglio, John.
245 1 0 _aThere's a fungus among us :
_btrue stories of killer molds /
_cJohn DiConsiglio.
246 3 0 _aTrue stories of killer molds
260 _aNew York :
_bFranklin Watts,
_c2008.
300 _a64 pages :
_bcolor illustrations, maps
_c24 cm
490 0 _aMedical files
500 _a"True-life cases!"--Cover.
505 _aR
520 _aLearn about deadly fungi from real-life cases.
521 _a710
_bLexile
521 _aR
_bRaz-Plus
650 0 _aBacterial diseases
_vJuvenile literature.
650 1 _aBacterial diseases.
906 _a7
_bcbc
_corignew
_d1
_eecip
_f20
_gy-gencatlg
942 _2ddc
_cBK
_n0
999 _c1560
_d1560